South Eastern Kenya University

Library Online Public Access Catalogue


Preventing mental, emotional, and behavioral disorders among young people : (Record no. 5291)

MARC details
000 -LEADER
fixed length control field 01850cam a2200325 a 4500
001 - CONTROL NUMBER
control field 15607915
003 - CONTROL NUMBER IDENTIFIER
control field OSt
005 - DATE AND TIME OF LATEST TRANSACTION
control field 20150706110547.0
008 - FIXED-LENGTH DATA ELEMENTS--GENERAL INFORMATION
fixed length control field 090202s2009 dcua b 001 0 eng
020 ## - INTERNATIONAL STANDARD BOOK NUMBER
International Standard Book Number 9780309126748
040 ## - CATALOGING SOURCE
Original cataloging agency SEKU
050 00 - LIBRARY OF CONGRESS CALL NUMBER
Classification number RA 790.6
Item number .I8
110 2# - MAIN ENTRY--CORPORATE NAME
Corporate name or jurisdiction name as entry element Institute of Medicine (U.S.).
Subordinate unit Committee on Prevention of Mental Disorders and Substance Abuse Among Children, Youth, and Young Adults: Research Advances and Promising Interventions.
245 10 - TITLE STATEMENT
Title Preventing mental, emotional, and behavioral disorders among young people :
Remainder of title progress and possibilities
Statement of responsibility, etc. Committee on the Prevention of Mental Disorders and Substance Abuse Among Children, Youth, and Young Adults: Research Advances and Promising Interventions ; Mary Ellen O'Connell, Thomas Boat, and Kenneth E. Warner, editors ; Board on Children, Youth, and Families, Division of Behavioral and Social Sciences and Education.
260 ## - PUBLICATION, DISTRIBUTION, ETC. (IMPRINT)
Place of publication, distribution, etc. Washington, D.C. :
Name of publisher, distributor, etc. National Academies Press,
Date of publication, distribution, etc. c2009.
300 ## - PHYSICAL DESCRIPTION
Extent 562 p. :
Other physical details ill.
500 ## - GENERAL NOTE
General note "National Research Council and Institute of Medicine of the National Academies."
500 ## - GENERAL NOTE
General note "This report builds on ... 1994 Institute of Medicine (IOM) report entitled Reducing risks for mental disorders"--Pref.
504 ## - BIBLIOGRAPHY, ETC. NOTE
Bibliography, etc Includes bibliographical references
650 #0 - SUBJECT ADDED ENTRY--TOPICAL TERM
Topical term or geographic name as entry element Mental illness
General subdivision Prevention
-- Research
-- Government policy
Geographic subdivision United States.
650 #0 - SUBJECT ADDED ENTRY--TOPICAL TERM
Topical term or geographic name as entry element Mental health promotion
General subdivision Research
-- Government policy
Geographic subdivision United States.
650 #0 - SUBJECT ADDED ENTRY--TOPICAL TERM
Topical term or geographic name as entry element Mental illness
Geographic subdivision United States
General subdivision Prevention.
650 #0 - SUBJECT ADDED ENTRY--TOPICAL TERM
Topical term or geographic name as entry element Mental health promotion
Geographic subdivision United States.
700 1# - ADDED ENTRY--PERSONAL NAME
Personal name O'Connell, Mary Ellen,
700 1# - ADDED ENTRY--PERSONAL NAME
Personal name Boat, Thomas F.
700 1# - ADDED ENTRY--PERSONAL NAME
Personal name Warner, Kenneth E.,
710 2# - ADDED ENTRY--CORPORATE NAME
Corporate name or jurisdiction name as entry element National Research Council (U.S.).
Subordinate unit Board on Children, Youth, and Families.
730 0# - ADDED ENTRY--UNIFORM TITLE
Uniform title Reducing risks for mental disorders.
942 ## - ADDED ENTRY ELEMENTS (KOHA)
Source of classification or shelving scheme Library of Congress Classification
Koha item type General circulation
Holdings
Withdrawn status Lost status Source of classification or shelving scheme Damaged status Not for loan Home library Current library Shelving location Date acquired Source of acquisition Cost, normal purchase price Total Checkouts Full call number Barcode Date last seen Cost, replacement price Price effective from Koha item type
    Library of Congress Classification     Main Campus Library Main Campus Library General Stacks 06/07/2015 Donation-Books for Africa 4537.00   RA 790.6 .I8 2015/000987 17/08/2022 5037.00 06/07/2015 General circulation
Kitui, Kenya.
+254736116989
library@seku.ac.ke